000 02672nam a2200409 i 4500
001 17987490
003 EG-ScBUE
005 20230514100118.0
008 140103t2014 nyua f b 001 0 eng d
020 _a9780500517413
035 _a(OCoLC)ocn881214640
040 _aERASA
_beng
_erda
_cERASA
_dUKMGB
_dCDX
_dYDXCP
_dOCLCO
_dBDX
_dOCLCQ
_dLTSCA
_dUAB
_dOCLCF
_dOCL
_dQGK
_dDLC
_dEG-ScBUE
082 0 4 _a677.028
_222
_bTHO
100 1 _aThompson, Rob
_c(Designer),
_eauthor.
245 1 0 _aManufacturing processes for textile and fashion design professionals /
_cRob Thompson ; photographs by Martin Thompson.
264 1 _aNew York :
_bThames & Hudson,
_c2014.
264 4 _c©2014
300 _a544 pages :
_bcolor illustrations ;
_c29 cm
336 _atext
_btxt
_2rdacontent
336 _astill image
_bsti
_2rdacontent
337 _aunmediated
_bn
_2rdamedia
338 _avolume
_bnc
_2rdacarrier
504 _aIncludes bibliographical references and index.
520 _aTo be truly prized and employable, textile and fashion designers have to be aware of, and knowledgeable about, a wide range of processes to enable their designs to be manufactured effectively, often thousands of miles from their design studio. This much-needed new reference is the only encyclopedic guide to manufacturing processes and materials that is truly relevant for textile and fashion designers. It is organized into five main parts: fiber and yarn technology; textile technology; construction technology; life cycle strategies; and materials appendix. This book is a complete overview of the life cycle of textile and fashion manufacturing, from the spinning of yarn to recycling. All the processes feature detailed step-by-step case studies showing the process in manufacture at a leading international supplier. The appendix features essential knowledge on over sixty natural and synthetic materials. With around 1,400 specially commissioned photographs and technical illustrations, this is the indispensable, reliable, convenient, and highly accessible practical reference for all textile and fashion designers.--
_cSource other than Library of Congress.
650 7 _aTextile fabrics.
_2BUEsh
650 7 _aTextile design.
_2BUEsh
650 7 _aManufacturing processes.
_2BUEsh
650 7 _aClothing trade.
_2BUEsh
650 7 _aFashion design.
_2BUEsh
653 _bART
_cMay2023
655 _vReading book
700 1 _aThompson, Martin
_c(Photographer),
_ephotographer.
906 _a7
_bcbc
_ccopycat
_d2
_eepcn
_f20
_gy-gencatlg
942 _2ddc
_cBB
999 _c30353
_d30324